| 000 | 00707nam a22002531 4500 | ||
|---|---|---|---|
| 001 | 6615 | ||
| 003 | BD-RjUL | ||
| 005 | 20211208234259.0 | ||
| 008 | 140111r19661957nyua 000 0 eng d | ||
| 035 | _a(BD-RjUL)6656 | ||
| 040 |
_aDLC _cICU _dDLC _d(BD-RjUL) _beng |
||
| 041 | _aeng | ||
| 082 | 0 | 0 |
_a311.2 _bBAI |
| 100 | 1 |
_aBancroft, Huldah. _920802 |
|
| 245 | 0 | 0 |
_aIntroduction to biostatistics / _cBancroft, Huldah. |
| 260 |
_aNew York] _bHoeber-Harper _c1957 [Reprent 1966] |
||
| 300 |
_a210 p. ; _billus. ; _c25 cm. |
||
| 504 | _aIncludes Index | ||
| 650 | 0 |
_aMathematical statistics. _920803 |
|
| 650 | 0 |
_aBiomathematics. _920804 |
|
| 942 |
_2ddc _cBK |
||
| 999 |
_c6615 _d6615 |
||